000 00711nam a2200277 a 4500
003 AR-BaBNM
005 20251128210533.0
008 082120s2002 ||||||||||||||000 | spa||
020 _a987-97797-1-1
040 _cAR-BaBNM
100 1 _aDayub, Mauricio
245 0 0 _aEl amateur
250 _a1ยช ed.
260 _aBuenos Aires
_bEdiciones Teatro Vivo
_c1999
300 _a59 p.
490 0 _aTeatro vivo
_vv. 1
650 4 _aLITERATURA ARGENTINA
650 4 _aLITERATURA CONTEMPORANEA
650 4 _aTEATRO
655 _aLITERATURA
700 1 _aDubatti, Jorge A.
_eprologuista
800 1 _aDubatti, Jorge A.
_edirector
800 1 _aGoetz, Arturo
_edirector
942 _cBK
998 _cMARTIN
999 _c15850
_d15850